Регионална библиотека "Любен Каравелов" - Русе

Лют звяр (Запис номер 172575)

MARC детайли
000 -Лидер
Контролно поле с фиксирана дължина 00950nam a2200277 c 4500
003 - Код на организацията, давaща контролен номер
Контролно поле BLK
005 - Дата и час на последна редакция
Контролно поле 20190413103245.0
008 - Елементи от данни с фиксирана дължина
fixed length control field 180411b bul|||||r ||||||| ||bul||
010 ## - Наследен системен номер
LC control number KNG00180913000
040 ## - Източник на каталожния запис
Идентификатор на билиотеката - собственик на записа BLK
041 ## - Код за език
Код за езика на текст/звукозапис или на отделно заглавие Български
Код за езика КДБФ Български
080 ## - УДК
Текстов определител УДК Българска литература
УДК код - определител по УДК 821.163.2
УДК определител -2
УДК - код + определител 821.163.2-2
100 1# - Редна дума - Автор
Автор Русев, Никола Петров
Авторска отговорност първи автор
R(LIN) 374886
139 ## - Редно поле
Редна дума Русев, Никола Петров
Авторски знак Русе - Р 94
245 10 - Сведения за заглавието
Заглавие Лют звяр
Подзаглавни данни Юнаци с умни калпаци : Дет. пиеси
Редно поле (дума) Никола Петров Русев.
257 ## - Страна на издаване
Страна на създаване/издаване България
260 ## - Област на издателските данни
-- София
Име на издателя, разпространителя и проч. Бълг. писател
Година на издаване 1984
300 ## - Физическа характеристика
Страници 84 с.
Размери/Мащаб 21 см
380 ## - Жанр
Жанр Худож. лит.
500 ## - Общи забележки
Забележка 3 613 тир.
852 ## - Местоположение
Форматна сигнатура Цб 132166
856 4# - Електронен адрес и достъп
Електронен формат pdf - файл
Път до файла /url/
856 4# - Електронен адрес и достъп
Електронен формат pdf - файл
Път до файла /url/
942 ## - АРТИКУЛИ
Вид на библиотечния материал Книги
Скрит в OPAC Не
Koha issues (borrowed), all copies 4
944 ## - СЪЗДАВАНЕ И РЕДАКЦИЯ на ЗАПИСА
Създаване/Редакция Създаване
Дата на регистрацията/редакция 03.09.2015
Служител, извършил регистрацията/редакцията Наталия_Любомирова
944 ## - СЪЗДАВАНЕ И РЕДАКЦИЯ на ЗАПИСА
Създаване/Редакция Редакция
Дата на регистрацията/редакция 03.09.2015
Служител, извършил регистрацията/редакцията Наталия_Любомирова
999 ## - СИСТЕМНИ КОНТРОЛНИ НОМЕРА
Koha biblionumber 172575
Koha biblioitemnumber 172575
Наличности
Код за отписване Код за изгубен артикул Източник на класификационната схема Код за повреда Коз за рестрикции Код за отдаване Артикулен № Име на библиотеката - собственик Име на библиотеката, в която се намира в момента Статус (Текущо местоположение) Дата на вписване в системата Местоположение - отдел Цена в лева Инвентарен номер Систематично азбучна сигнатура Баркод Номер на екземпляра Цена в евро Служебна бележка Служебен тип на артикула
  Не е изгубен Universal Decimal Classification Не е повреден без рестрикции ползва се в читалня 294105 Регионална библиотека "Любен Каравелов" Русе Регионална библиотека "Любен Каравелов" Русе Хранилище 1984-01-01 Хранилище 0.54 420809 Цб 132166 900000016000 1 0.28 N: стар фонд Дата: 01.01.1984 Книги
  Не е изгубен Universal Decimal Classification Не е повреден без рестрикции заемане за дома 294106 Регионална библиотека "Любен Каравелов" Русе Регионална библиотека "Любен Каравелов" Русе Заемна - подръчен фонд 1984-01-01 Заемна - подръчен фонд 0.54 421284 П 886.7-2/Р 94 120000421284 2 0.28 N: стар фонд Дата: 01.01.1984 Дата инв: 14.02.2018 Бележки инв: П2018 Книги
Изтеглен Не е изгубен Universal Decimal Classification Не е повреден без рестрикции заемане за дома 294107 Регионална библиотека "Любен Каравелов" Русе Регионална библиотека "Любен Каравелов" Русе Детски отдел 1984-01-01 Детски отдел 0.54 421413 ДХ 886.7/Р 94 421413 3 0.28 N: стар фонд Дата: 01.01.1984 Дата инв: 08.10.2015 Бележки инв: Д2015 Книги
Изтеглен Не е изгубен Universal Decimal Classification Не е повреден без рестрикции заемане за дома 294108 Регионална библиотека "Любен Каравелов" Русе Регионална библиотека "Любен Каравелов" Русе Детски отдел 1984-01-01 Детски отдел 0.54 421414 ДХ 886.7/Р 94 421414 4 0.28 N: стар фонд Дата: 01.01.1984 Дата инв: 08.10.2015 Бележки инв: Д2015 Книги
Vip Innovations Ltd, Rousse, Bulgaria 2025